00871nam a2200229 a 450000100060000000300090000600800410001502000150005604000280007108200140009911000460011324500720015926000600023130000100029165000430030165000600034465000270040465000320043194200120046399900170047595201490049212621CO-ViMGA141112s2004 ck r 000 u spa d a9589362257 aCO-ViMGAbspacCO-ViMGA04a371.3 H83 aFundación Antonio Restrepo Barco91823610aHuellas de Educación en Tecnología : bExperiencias de maestros aBogotá : bMinisterio de Educación Nacional, c1996 a194p.14aAHORRO - ENSAYOS - CONFERENCIAS91823714aeducación TECNOLOGICA - ENSAYOS - CONFERENCIAS91823814aENSAYOS - CONFERENCIAS14aSANEAMIENTO AMBIENTAL93846 2ddccBK c23612d23612 00102ddc40708003aMEVIECARbMEVIECARd2015-12-04hVolumen. 1 | 11/jun/2009l0o371.3 H83 p12621r2015-12-04 00:00:00tEj. 1w2015-12-04yBK